01323nam a22001817a 4500003000900000008004100009040007100050082001900121100002000140245003100160260006500191300002900256505076600285650002901051650001301080650001901093700002901112AR-CdUCM190305b ||||| |||| 00| 0 spa d aMUNICIPALIDAD PROVINCIAL DEL CUSCOcBIBLIOTECA MUNICIPAL DEL CUSCO a818.5 / bST79 aSteinbeck, John aUna vez hubo una guerra /  aBarcelona : bLuis de Cabalt : bLa torre de marfil, c1961. a254 páginas ; c20 cm. aResumen: Dividida en tres partes que se corresponden a los tres escenarios en los que Steinbeck trabajó como corresponsal de guerra (Inglaterra, norte de África e Italia), y precedidos de una introducción del autor escrita con la distancia del tiempo, esta obra recoge, tal como fueron escritos en su momento, los mejores artículos publicados en el New York Herald Tribune. Combina textos dedicados a personajes singulares que sólo surgen en una guerra, con otros dedicados a ciudades y batallas, pero siempre teneiendo muy en primer plano la vivencia humana, las consecuencias de la guerra en el sentir de los hombres que la protagonizan o son sus víctimas. Y es además una reinvindicación de la tarea de reportero y del corresponsal de guerra. aNarrativa norteamericana aSiglo XX aJohn Steinbeck aCaralt, Luis de (Editor)